<?xml version="1.0" encoding="UTF-8"?>
<collection xmlns="http://www.loc.gov/MARC21/slim">
    <record>
        <controlfield tag="001">69938</controlfield>
        <controlfield tag="005">20180920100718.0</controlfield>
        <datafield tag="024" ind1="8" ind2=" ">
            <subfield code="2">sideral</subfield>
            <subfield code="a">105075</subfield>
        </datafield>
        <datafield tag="037" ind1=" " ind2=" ">
            <subfield code="a">ART-2016-105075</subfield>
        </datafield>
        <datafield tag="041" ind1=" " ind2=" ">
            <subfield code="a">eng</subfield>
        </datafield>
        <datafield tag="100" ind1=" " ind2=" ">
            <subfield code="0">(orcid)0000-0001-5677-1662</subfield>
            <subfield code="a">Montero-Marin, J.</subfield>
        </datafield>
        <datafield tag="245" ind1=" " ind2=" ">
            <subfield code="a">Symptoms of distress when suffering from burnout: a comparison between the traditional and typological definitions of the syndrome</subfield>
        </datafield>
        <datafield tag="260" ind1=" " ind2=" ">
            <subfield code="c">2016</subfield>
        </datafield>
        <datafield tag="506" ind1="0" ind2=" ">
            <subfield code="a">Access copy available to the general public</subfield>
            <subfield code="f">Unrestricted</subfield>
        </datafield>
        <datafield tag="520" ind1="3" ind2=" ">
            <subfield code="a">Objective: To compare the structure and explanatory power of the traditional and the subtype burnout definitions on symptoms of distress.
Methods: We used a cross-sectional design with a random sample of university employees (n=429), who completed the MBI-GS, BCSQ-12 and HSCL-30. The structure of the scales was assessed using parallel analysis from polychoric correlations, unweighted least squares and pro- min rotation. Multivariate regression models were built among symptoms and burnout models.
Results: The HSCL showed a two-factor structure (psychological and somatic; IFS=0.87; GFI=0.99; RMSR=0.05); the MBI a forced three-factor structure (exhaustion, efficacy and cyni- cism; IFS=0.95; GFI>0.99; RMSR=0.03); the BCSQ a three-factor structure (neglect, lack of development and overload; IFS=0.98; GFI>0.99; RMSR=0.02). The variance of psychological distress was for 40% explained by MBI-GS and for 27% by BCSQ-12; the variance of somatic symptoms was for 31% explained by MBI-GS and 16% by BCSQ-12. All the BCSQ-12 factors contributed to explain psychological and somatic symptoms, but only exhaustion from MBI-GS.
Conclusions: The typological definition showed better structure, but worse explanatory power on symptoms, than the traditional perspective. Exhaustion seems to be the burnout core dimension, althought the subtypes would explain a specific characterization of the syndrome.</subfield>
        </datafield>
        <datafield tag="540" ind1=" " ind2=" ">
            <subfield code="9">info:eu-repo/semantics/openAccess</subfield>
            <subfield code="a">All rights reserved</subfield>
            <subfield code="u">http://www.europeana.eu/rights/rr-f/</subfield>
        </datafield>
        <datafield tag="655" ind1=" " ind2="4">
            <subfield code="a">info:eu-repo/semantics/article</subfield>
            <subfield code="v">info:eu-repo/semantics/publishedVersion</subfield>
        </datafield>
        <datafield tag="700" ind1=" " ind2=" ">
            <subfield code="a">Tops, M.</subfield>
        </datafield>
        <datafield tag="700" ind1=" " ind2=" ">
            <subfield code="a">Prado-Abril, J.</subfield>
        </datafield>
        <datafield tag="700" ind1=" " ind2=" ">
            <subfield code="0">(orcid)0000-0002-8862-7240</subfield>
            <subfield code="a">Puebla-Guedea, M.</subfield>
        </datafield>
        <datafield tag="700" ind1=" " ind2=" ">
            <subfield code="0">(orcid)0000-0001-5566-9746</subfield>
            <subfield code="a">Yus, M.C.P.</subfield>
            <subfield code="u">Universidad de Zaragoza</subfield>
        </datafield>
        <datafield tag="700" ind1=" " ind2=" ">
            <subfield code="a">Montoyo, A.L.</subfield>
        </datafield>
        <datafield tag="700" ind1=" " ind2=" ">
            <subfield code="0">(orcid)0000-0002-3797-4218</subfield>
            <subfield code="a">Garcia Campayo, J.</subfield>
            <subfield code="u">Universidad de Zaragoza</subfield>
        </datafield>
        <datafield tag="710" ind1="2" ind2=" ">
            <subfield code="1">1007</subfield>
            <subfield code="2">745</subfield>
            <subfield code="a">Universidad de Zaragoza</subfield>
            <subfield code="b">Dpto. Medicina, Psiqu. y Derm.</subfield>
            <subfield code="c">Area Psiquiatría</subfield>
        </datafield>
        <datafield tag="710" ind1="2" ind2=" ">
            <subfield code="1">4009</subfield>
            <subfield code="2">680</subfield>
            <subfield code="a">Universidad de Zaragoza</subfield>
            <subfield code="b">Dpto. Psicología y Sociología</subfield>
            <subfield code="c">Área Person.Eval.Trat.Psicoló.</subfield>
        </datafield>
        <datafield tag="773" ind1=" " ind2=" ">
            <subfield code="g">120 (2016), 9-20</subfield>
            <subfield code="p">Cuad. med. psicosom. psiquiatr. enlace</subfield>
            <subfield code="t">Cuadernos de medicina psicosomática y psiquiatría de enlace</subfield>
            <subfield code="x">1695-4246</subfield>
        </datafield>
        <datafield tag="856" ind1="4" ind2=" ">
            <subfield code="s">217858</subfield>
            <subfield code="u">http://zaguan.unizar.es/record/69938/files/texto_completo.pdf</subfield>
            <subfield code="y">Versión publicada</subfield>
        </datafield>
        <datafield tag="856" ind1="4" ind2=" ">
            <subfield code="s">73672</subfield>
            <subfield code="u">http://zaguan.unizar.es/record/69938/files/texto_completo.jpg?subformat=icon</subfield>
            <subfield code="x">icon</subfield>
            <subfield code="y">Versión publicada</subfield>
        </datafield>
        <datafield tag="909" ind1="C" ind2="O">
            <subfield code="o">oai:zaguan.unizar.es:69938</subfield>
            <subfield code="p">articulos</subfield>
            <subfield code="p">driver</subfield>
        </datafield>
        <datafield tag="951" ind1=" " ind2=" ">
            <subfield code="a">2018-09-20-08:15:13</subfield>
        </datafield>
        <datafield tag="980" ind1=" " ind2=" ">
            <subfield code="a">ARTICLE</subfield>
        </datafield>
    </record>

    
</collection>